Railways in Indian economy perspective for the future (Record no. 501147)

000 -LEADER
fixed length control field 00424cam a22001337a 4500
008 - FIXED-LENGTH DATA ELEMENTS--GENERAL INFORMATION
fixed length control field 180718b1979 xxu||||| |||| 00| 0 eng d
082 ## - DEWEY DECIMAL CLASSIFICATION NUMBER
Classification number APPPA 78-79 GAU
100 ## - MAIN ENTRY--PERSONAL NAME
Personal name Shanker, Gauri
245 ## - TITLE STATEMENT
Title Railways in Indian economy perspective for the future
Statement of responsibility, etc. by Gauri Shanker
260 ## - PUBLICATION, DISTRIBUTION, ETC.
Place of publication, distribution, etc. New Delhi
Name of publisher, distributor, etc. Indian Institute of Public Administration
Date of publication, distribution, etc. 1979
300 ## - PHYSICAL DESCRIPTION
Extent 86p.
650 ## - SUBJECT ADDED ENTRY--TOPICAL TERM
Topical term or geographic name entry element Indian economy perspective
650 ## - SUBJECT ADDED ENTRY--TOPICAL TERM
Topical term or geographic name entry element Railways
Holdings
Withdrawn status Lost status Damaged status Not for loan Permanent Location Current Location Date acquired Full call number Barcode Date last seen Price effective from Koha item type
        Indian Institute of Public Administration Indian Institute of Public Administration 2018-08-04 APPPA 78-79 GAU GR10706 2018-08-04 2018-08-04 GR

Powered by Koha